|
|
|
|
| LEADER |
01138naa a2200289 i 4500 |
| 001 |
acta74660 |
| 005 |
20240430085325.0 |
| 008 |
220316s2015 hu o 100 hun d |
| 020 |
|
|
|a 978-963-306-364-4
|
| 040 |
|
|
|a SZTE Egyetemi Kiadványok Repozitórium
|b hun
|
| 041 |
|
|
|a hun
|
| 100 |
1 |
|
|a Szoboszlai Zoltán
|
| 245 |
1 |
0 |
|a Patkánytüdőben kiülepedett vörösiszap por vizsgálata ionnyaláb analitikai módszerrel
|h [elektronikus dokumentum] /
|c Szoboszlai Zoltán
|
| 260 |
|
|
|c 2015
|
| 300 |
|
|
|a 92
|
| 490 |
0 |
|
|a Magyar Aeroszol Konferencia
|
| 695 |
|
|
|a Aeroszol - előadáskivonat, Légkör - előadáskivonat, Levegőszennyeződés - előadáskivonat, Toxikológia - előadáskivonat
|
| 700 |
0 |
1 |
|a Filep Ágnes
|e aut
|
| 700 |
0 |
1 |
|a Török Zsófia
|e aut
|
| 700 |
0 |
1 |
|a Kertész Zsófia
|e aut
|
| 700 |
0 |
1 |
|a Furu Enikő
|e aut
|
| 700 |
0 |
1 |
|a Fodor Gergely
|e aut
|
| 700 |
0 |
1 |
|a Bozóki Zoltán
|e aut
|
| 700 |
0 |
1 |
|a Szabó Gábor
|e aut
|
| 700 |
0 |
1 |
|a Peták Ferenc
|e aut
|
| 710 |
|
|
|a Magyar Aeroszol Konferencia (12.) (2015) (Szeged)
|
| 856 |
4 |
0 |
|u http://acta.bibl.u-szeged.hu/74660/1/2015_magyar_aeroszol_konferencia_092.pdf
|z Dokumentum-elérés
|